| 000 | 00580nam a2200229 a 4500 | ||
|---|---|---|---|
| 999 |
_c5084 _d5084 |
||
| 001 | 5084 | ||
| 003 | BD-JhCC | ||
| 005 | 20211007134021.0 | ||
| 008 | 171207s1985 BG |||| ||a| 00| 0 eng d | ||
| 020 | _a81219025592 | ||
| 035 | _a(BD-JhCC)5084 | ||
| 040 |
_aBD-JhCC _dBD-JhCC |
||
| 041 | _aeng | ||
| 082 |
_a537.5 _bTHE 1985 |
||
| 100 | _aTheraja, B. L | ||
| 245 |
_aBasic Eletronics Solid State / _cB. L. Theraja |
||
| 260 |
_aNew Delhi : _bS.Chand & Company Any Ltd, _c1985. |
||
| 300 |
_a625 p. : _c21 cm. |
||
| 650 | _aElectronics | ||
| 942 |
_2ddc _cBK _04 |
||